000
00314nam a22001457a 4500
003
SGT
020
_a
978-81-8128-949-0
082
_a
618.2
_b
O08P
100
_a
PIERCY, CATHERING NELSON
245
_a
OBSTETRIC MEDICINE
260
_a
U.K
_b
SPRINGER
_c
2008
300
_a
184
650
_a
AYURVEDA
942
_2
ddc
_c
BK
999
_c
16798
_d
16798